00667nam a2200205Ia 4500003000400000005001700004008004100021020001500062040001800077041000800095082002400103100002700127245011800154250001600272260004300288300002000331650003700351650005100388650002200439OSt20220122104359.0210716s2002 xx 000 0 und d a8173714126 cAIMIT LIBRARY aeng a332.02402 bLAMA21 aLamfalussy, Alexandre. aFinancial Crises in Emerging Markets :bessay on Financial Globalisation and Fragility /bycAlexander Lamfalussy. a[1st. ed. ] aHyderabad:bUniversities Press,c2002. axx,199p.; 18cm. aFour crises in emerging markets. aFinancial globalisation aggravate or alleviate aCrisis prevention